000 00691nam a2200229Ia 4500
003 OSt
005 20221005133805.0
006 a|||||r|||| 00| 0
007 ta
008 221004b |||||||| |||| 00| 0 pan d
024 _a63378
037 _cTextual
040 _aCRL
_cCRL
_bpan
041 _2pan
_apan
082 _aO153,3:g, N7
100 _aਜੋFੀ, ਜੀਤ ਸਿੰਘ, ਂਚ.
_9160103
245 0 _aਪੰਜਾਬੀ ਕਹਾਣੀ
_b ਬਦਲਦੇ ਪਰਿਪੇਖ
260 _c1997
650 _aਪੰਜਾਬੀ ਸਾਹਿਤ
942 _hO153,3:g, N7
_cTEXL
_2cc
999 _c1067899
_d1067899